Римская империя 117г. н.э. - Statistics

General Stats
  • This quiz has been taken 3 times
  • The average score is 8 of 47
Answers on the Map
Answers color-coded by a green-red scale on the quiz's map according to % correct below.
 
Answer Stats
Answer % Correct
Ита́лия
100%
Брита́ния
100%
Македо́ния
67%
Кипр
67%
Аквита́нская Га́ллия
33%
Нарбо́нская Га́ллия
33%
Таррако́нская Испа́ния
33%
Лузита́ния
33%
Сици́лия
33%
Эпи́р
33%
Аха́йя
33%
Арме́ния
33%
Асси́рия
33%
Месопота́мия
33%
Иуде́я
33%
Еги́пет
33%
Кирена́ика и Крит
33%
Но́рик
0%
Ре́ция
0%
Ве́рхняя Панно́ния
0%
Ни́жняя Панно́ния
0%
Ве́рхняя Герма́ния
0%
Ни́жняя Герма́ния
0%
Бе́лгика
0%
Лугду́нская Га́ллия
0%
Пенни́нские А́льпы
0%
Котти́йские А́льпы
0%
Примо́рские А́льпы
0%
Бе́тика
0%
Тингита́нская Маврета́ния
0%
Цезаре́йская Маврета́ния
0%
Ко́рсика и Сарди́ния
0%
Далма́ция
0%
Ве́рхняя Мёзия
0%
Да́кия
0%
Ни́жняя Мёзия
0%
Фра́кия
0%
Боспо́рское ца́рство
0%
Вифи́ния и Понт
0%
А́зия
0%
Гала́тия
0%
Каппадо́кия
0%
Ли́кия и Памфи́лия
0%
Кили́кия
0%
Си́рия
0%
Ка́менистая Ара́вия
0%
Проко́нсульская А́фрика
0%
No matching quizzes found
Score Distribution
Percent of People with Each Score
Percentile by Number Answered
Your Score History
You have not taken this quiz